00409nam a2200169Ia 4500003000400000005001700004008004100021040000700062041000800069082002200077100001800099245003600117260003700153365001300190650002200203650001400225OSt20230608100843.0210423s2003 xx 000 0 und d cAL aeng a307.72 223bJAIC aJAIN (Rashmi) aCommunicating rural development aJaipurbRawat Publicationsc2003 b495cINR aRural Communities aSociology